000 01535cam a22002893 4500
001 FRBNF470617800000002
003 http://catalogue.bnf.fr/ark:/12148/cb47061780b
005 20231005143937.0
007 ta
008 230908s2022 dr ||||| |||| 00| 0 spa d
020 _a978841247470
020 _a8412474775
035 _aOCoLC1322206630
040 _bspa
_cBJBSDDR
041 _aspa
050 1 4 _aKJA 200
_bG473b 2022
100 1 _aGil Gonzales, Fernando,
_932219
214 0 _aSalamanca
245 1 0 _aBreve historia del derecho romano /
_cFernando Gil González.
260 _aSalamanca ;
_bEditorial Amarante,
_c2022.
300 _a222 paginas;
_c21 cm.
410 0 _tAmarante ensayo y biografía
_d2022
520 _aEl Derecho romano es un ordenamiento jurídico que rigió a los ciudadanos de la antigua Roma y aunque tiene una gran complejidad , aplicabilidad y calidad técnica , en la actualidad es la base del derecho continental y de los códigos civiles contemporáneos , como se estudia en las facultades de Derecho de la mayoría de países que aplican del Derecho continental . Se manifiesta , entre otros , en la hipoteca o en la teoría del contrato . Por otro lado , el derecho romano se divide , a grandes rasgos , en derecho público y en derecho privado . Aun así , algunas ramas jurídicas del derecho actual , como el derecho penal , el derecho tributario o el derecho administrativo , existieron en Roma
650 4 _aDerecho romano
_921117
_xHistoria
942 _2lcc
_n0
_cBK
946 _isba
999 _c120098
_d120098